|
|
|
|
| LEADER |
01711nam a2200433 a 4500 |
| 001 |
EBC1094104 |
| 003 |
MiAaPQ |
| 005 |
20200520144314.0 |
| 006 |
m o d | |
| 007 |
cr cn||||||||| |
| 008 |
120816s2013 vtu sb 001 0 eng d |
| 010 |
|
|
|z 2012030873
|
| 020 |
|
|
|z 9781409425854 (hardback : alk. paper)
|
| 020 |
|
|
|a 9781409425861 (electronic bk.)
|
| 035 |
|
|
|a (MiAaPQ)EBC1094104
|
| 035 |
|
|
|a (Au-PeEL)EBL1094104
|
| 035 |
|
|
|a (CaPaEBR)ebr10632256
|
| 035 |
|
|
|a (CaONFJC)MIL417216
|
| 035 |
|
|
|a (OCoLC)823730313
|
| 040 |
|
|
|a MiAaPQ
|c MiAaPQ
|d MiAaPQ
|
| 050 |
|
4 |
|a HE5620.D59
|b D748 2013
|
| 082 |
0 |
4 |
|a 363.12/51
|2 23
|
| 245 |
0 |
0 |
|a Driver distraction and inattention
|h [electronic resource] :
|b advances in research and countermeasures /
|c [edited] by Michael A. Regan, John D. Lee, and Trent W. Victor. Volume 1.
|
| 260 |
|
|
|a Burlington, Vt. :
|b Ashgate,
|c c2013.
|
| 300 |
|
|
|a xix, 440 p.
|
| 440 |
|
0 |
|a Human factors in road and rail transport
|
| 490 |
0 |
|
|a Driver distraction and inattention : advances in research and countermeasures ;
|v v. 1
|
| 504 |
|
|
|a Includes bibliographical references and index.
|
| 533 |
|
|
|a Electronic reproduction. Ann Arbor, MI : ProQuest, 2015. Available via World Wide Web. Access may be limited to ProQuest affiliated libraries.
|
| 650 |
|
0 |
|a Distracted driving.
|
| 650 |
|
0 |
|a Distracted driving
|x Research.
|
| 650 |
|
0 |
|a Traffic safety.
|
| 650 |
|
0 |
|a Cell phones and traffic accidents.
|
| 655 |
|
4 |
|a Electronic books.
|
| 700 |
1 |
|
|a Regan, Michael A.
|
| 700 |
1 |
|
|a Lee, John D.
|
| 700 |
1 |
|
|a Victor, Trent W.
|
| 710 |
2 |
|
|a ProQuest (Firm)
|
| 856 |
4 |
0 |
|u https://ebookcentral.proquest.com/lib/matrademy/detail.action?docID=1094104
|z Click to View
|